00515nam a22001697a 4500008004500000020001800045082001700063100002400080245003600104260006100140300001300201650001600214650002900230650002300259700002700282700003600309220228b 2020 ||||| |||| 00| 0 eng d a9789389396201 a621.310bSAD aSadhu, Pradip Kumar aElements of Electrical Machines aNew DelhibCBS Publishers & Distributors Pvt. ltd.c2020 ax, 390p. aDC Machines aSingle Phase Transformer aSynchronous Motors aDas, SoumyaeCo-author aBihari, Shiv PrakasheCo-author